| 000 | 01216nam a2200217Ia 4500 | ||
|---|---|---|---|
| 003 | Ost | ||
| 005 | 20260507075527.0 | ||
| 008 | 260507s9999||||xx |||||||||||||| ||und|| | ||
| 040 | _cfsecg | ||
| 041 | _aara | ||
| 082 | _a382 | ||
| 100 |
_aالمشهداني، خالد احمد فرحان _eمؤلف |
||
| 245 | 0 |
_aالتجارة الخارجية : _bبمنظور علمي متقدم / _c خالد احمد فرحان المشهداني |
|
| 260 |
_aعمان: _bدار الايام للنشر والتوزيع, _c2017 |
||
| 300 |
_a566 صفحة؛ _bإيضاحات ؛ _c25 سم |
||
| 504 | _aببليوغرافيا:ص.557 | ||
| 520 | _a-مفهوم وتعريف واهمية التجارة الخارجية -أساليب تمويل التجارة الخارجية -أسس للعلاقات الاقتصادية الدولية -التجارة الدولية -أثر التجارة الدولية على البيئة -دور التجارة الدولية في خطة التنمية لما بعد عام 2015 -تكلفة الإنتاج النسبية -العلاقة بين التجارة الخلارج | ||
| 653 | _aالتجارة الخارجية | ||
| 653 | _aالتجارة الدولية | ||
| 942 | _cكتاب | ||
| 999 |
_c44803 _d44803 |
||